[Event "XLIV Memoriał Szachowy Ludwika Zamenhofa 2025, Grupa B"]
[Site "Bialystok, Poland"]
[Date "2025.12.30"]
[Round "7.17"]
[White "Zalewski, Witold"]
[Black "Slabicki, Andrzej"]
[Result "1/2-1/2"]
[TimeControl "90'+30\""]
[WhiteElo "1834"]
[BlackElo "1892"]

1. c4 {[%clk 01:30:56]} {[%emt 00:00:03]} e6 {[%clk 01:30:47]} {[%emt
00:00:13]} 2. Nc3 {[%clk 01:31:21]} {[%emt 00:00:05]} Nf6 {[%clk 01:31:11]}
{[%emt 00:00:05]} 3. e4 {[%clk 01:31:46]} {[%emt 00:00:05]} d6 {[%clk
01:28:28]} {[%emt 00:03:13]} 4. d4 {[%clk 01:31:17]} {[%emt 00:00:59]} Be7
{[%clk 01:27:40]} {[%emt 00:01:19]} 5. Nf3 {[%clk 01:29:38]} {[%emt 00:02:09]}
O-O {[%clk 01:27:25]} {[%emt 00:00:45]} 6. h3 {[%clk 01:29:09]} {[%emt
00:00:58]} d5 {[%clk 01:26:14]} {[%emt 00:01:42]} 7. e5 {[%clk 01:24:37]}
{[%emt 00:05:02]} Ne4 {[%clk 01:26:24]} {[%emt 00:00:19]} 8. Bd3 {[%clk
01:24:05]} {[%emt 00:01:03]} Nxc3 {[%clk 01:24:19]} {[%emt 00:02:35]} 9. bxc3
{[%clk 01:24:28]} {[%emt 00:00:07]} dxc4 {[%clk 01:19:26]} {[%emt 00:05:23]} 10.
Bxc4 {[%clk 01:23:54]} {[%emt 00:01:04]} c5 {[%clk 01:18:53]} {[%emt 00:01:03]}
11. O-O {[%clk 01:21:24]} {[%emt 00:02:59]} Qa5 {[%clk 01:16:58]} {[%emt
00:02:25]} 12. Qb3 {[%clk 01:11:51]} {[%emt 00:10:04]} a6 {[%clk 01:15:19]}
{[%emt 00:02:09]} 13. a4 {[%clk 01:08:48]} {[%emt 00:03:33]} b5 {[%clk
01:11:24]} {[%emt 00:04:24]} 14. axb5 {[%clk 01:08:42]} {[%emt 00:00:37]} Qxa1
{[%clk 01:11:02]} {[%emt 00:00:52]} 15. Bg5 {[%clk 01:08:26]} {[%emt 00:00:46]}
Qxf1+ {[%clk 01:10:11]} {[%emt 00:01:21]} 16. Kxf1 {[%clk 01:06:17]} {[%emt
00:02:39]} Bxg5 {[%clk 01:10:13]} {[%emt 00:00:27]} 17. Nxg5 {[%clk 01:06:19]}
{[%emt 00:00:29]} h6 {[%clk 01:09:58]} {[%emt 00:00:45]} 18. Ne4 {[%clk
01:05:05]} {[%emt 00:01:44]} axb5 {[%clk 01:08:54]} {[%emt 00:01:34]} 19. Bxb5
{[%clk 01:04:53]} {[%emt 00:00:43]} cxd4 {[%clk 01:08:30]} {[%emt 00:00:54]} 20.
cxd4 {[%clk 01:02:19]} {[%emt 00:03:03]} Ra1+ {[%clk 01:08:38]} {[%emt
00:00:22]} 21. Ke2 {[%clk 01:02:33]} {[%emt 00:00:16]} Bb7 {[%clk 01:08:49]}
{[%emt 00:00:18]} 22. f3 {[%clk 00:57:19]} {[%emt 00:05:45]} Bd5 {[%clk
01:08:37]} {[%emt 00:00:41]} 23. Bc4 {[%clk 00:50:16]} {[%emt 00:07:34]} Bxc4+
{[%clk 01:04:58]} {[%emt 00:04:09]} 24. Qxc4 {[%clk 00:50:40]} {[%emt
00:00:06]} Ra5 {[%clk 00:59:09]} {[%emt 00:06:18]} 25. Nc5 {[%clk 00:38:57]}
{[%emt 00:12:14]} Rc8 {[%clk 00:55:01]} {[%emt 00:04:37]} 26. Ke3 {[%clk
00:37:05]} {[%emt 00:02:23]} Nd7 {[%clk 00:48:12]} {[%emt 00:07:19]} 27. Qb4
{[%clk 00:36:45]} {[%emt 00:00:50]} Nxe5 {[%clk 00:47:30]} {[%emt 00:01:12]} 28.
Qb7 {[%clk 00:31:22]} {[%emt 00:05:53]} Re8 {[%clk 00:42:06]} {[%emt 00:05:53]}
29. Ke4 {[%clk 00:11:12]} {[%emt 00:20:41]} Ng6 {[%clk 00:40:21]} {[%emt
00:02:14]} 30. Qd7 {[%clk 00:11:07]} {[%emt 00:00:36]} Raa8 {[%clk 00:37:18]}
{[%emt 00:03:33]} 31. g4 {[%clk 00:10:47]} {[%emt 00:00:50]} Red8 {[%clk
00:35:13]} {[%emt 00:02:33]} 32. Qc7 {[%clk 00:09:32]} {[%emt 00:01:47]} Rd5
{[%clk 00:35:10]} {[%emt 00:00:33]} 33. Qc6 {[%clk 00:07:29]} {[%emt 00:02:33]}
Rad8 {[%clk 00:32:42]} {[%emt 00:02:57]} 34. Nxe6 {[%clk 00:06:03]} {[%emt
00:01:56]} fxe6 {[%clk 00:33:00]} {[%emt 00:00:13]} 35. Qxe6+ {[%clk 00:06:29]}
{[%emt 00:00:04]} Kh7 {[%clk 00:33:23]} {[%emt 00:00:07]} 36. Qxd5 {[%clk
00:05:42]} {[%emt 00:01:17]} Rxd5 {[%clk 00:33:38]} {[%emt 00:00:14]} 37. Kxd5
{[%clk 00:06:08]} {[%emt 00:00:05]} Nf4+ {[%clk 00:34:00]} {[%emt 00:00:08]} 38.
Ke5 {[%clk 00:02:46]} {[%emt 00:03:53]} Nxh3 {[%clk 00:33:42]} {[%emt
00:00:47]} 39. d5 {[%clk 00:02:59]} {[%emt 00:00:17]} Ng5 {[%clk 00:27:17]}
{[%emt 00:06:54]} 40. f4 {[%clk 00:02:19]} {[%emt 00:01:10]} Nf7+ {[%clk
00:23:42]} {[%emt 00:04:05]} 41. Ke6 {[%clk 00:02:39]} {[%emt 00:00:11]} Kg8
{[%clk 00:23:48]} {[%emt 00:00:23]} 42. Ke7 {[%clk 00:01:41]} {[%emt 00:01:29]}
g6 {[%clk 00:23:45]} {[%emt 00:00:32]} 43. Kf6 {[%clk 00:01:30]} {[%emt
00:00:42]} h5 {[%clk 00:23:48]} {[%emt 00:00:27]} 44. gxh5 {[%clk 00:01:57]}
{[%emt 00:00:03]} gxh5 {[%clk 00:24:12]} {[%emt 00:00:06]} 45. Kf5 {[%clk
00:01:46]} {[%emt 00:00:40]} Kg7 {[%clk 00:24:21]} {[%emt 00:00:21]} 46. d6
{[%clk 00:01:24]} {[%emt 00:00:53]} Kh6 {[%clk 00:24:12]} {[%emt 00:00:38]} 47.
d7 {[%clk 00:01:22]} {[%emt 00:00:33]} Nd6+ {[%clk 00:23:08]} {[%emt 00:01:34]}
48. Ke5 {[%clk 00:01:04]} {[%emt 00:00:48]} Nb7 {[%clk 00:23:16]} {[%emt
00:00:21]} 49. Kf5 {[%clk 00:00:49]} {[%emt 00:00:46]} Nd8 {[%clk 00:23:40]}
{[%emt 00:00:06]} 50. Ke4 {[%clk 00:01:08]} {[%emt 00:00:11]} h4 {[%clk
00:23:54]} {[%emt 00:00:16]} 51. Kf3 {[%clk 00:00:44]} {[%emt 00:00:54]} Kh5
{[%clk 00:22:48]} {[%emt 00:01:36]} 52. f5 {[%clk 00:01:07]} {[%emt 00:00:07]}
Kg5 {[%emt 00:00:15]} 1/2-1/2

[Event "XLIV Memoriał Szachowy Ludwika Zamenhofa 2025, Grupa B"]
[Site "Bialystok, Poland"]
[Date "2025.12.30"]
[Round "7.18"]
[White "Krajdocha, Konrad"]
[Black "Czachurski, Ignacy"]
[Result "1/2-1/2"]
[TimeControl "90'+30\""]
[WhiteElo "1736"]
[BlackElo "1890"]

1. d4 {[%clk 01:30:57]} {[%emt 00:00:02]} Nf6 {[%clk 01:27:42]} {[%emt
00:03:18]} 2. Nc3 {[%clk 01:31:18]} {[%emt 00:00:09]} e6 {[%clk 01:25:12]}
{[%emt 00:02:59]} 3. e4 {[%clk 01:31:40]} {[%emt 00:00:10]} Bb4 {[%clk
01:22:31]} {[%emt 00:03:11]} 4. Bd3 {[%clk 01:31:41]} {[%emt 00:00:28]} d6
{[%clk 01:20:54]} {[%emt 00:02:08]} 5. Nf3 {[%clk 01:30:48]} {[%emt 00:01:23]}
Nbd7 {[%clk 01:18:53]} {[%emt 00:02:30]} 6. Bg5 {[%clk 01:26:43]} {[%emt
00:04:35]} e5 {[%clk 01:15:33]} {[%emt 00:03:47]} 7. a3 {[%clk 01:25:28]}
{[%emt 00:01:49]} Bxc3+ {[%clk 01:15:09]} {[%emt 00:00:55]} 8. bxc3 {[%clk
01:25:54]} {[%emt 00:00:03]} h6 {[%clk 01:14:03]} {[%emt 00:01:35]} 9. Bd2
{[%clk 01:25:42]} {[%emt 00:00:42]} O-O {[%clk 01:11:49]} {[%emt 00:02:45]} 10.
dxe5 {[%clk 01:24:58]} {[%emt 00:01:10]} dxe5 {[%clk 01:10:59]} {[%emt
00:01:24]} 11. O-O {[%clk 01:24:52]} {[%emt 00:00:36]} Re8 {[%clk 01:09:40]}
{[%emt 00:01:48]} 12. Qe2 {[%clk 01:24:21]} {[%emt 00:01:02]} Nc5 {[%clk
01:07:10]} {[%emt 00:02:58]} 13. Rab1 {[%clk 01:24:13]} {[%emt 00:00:39]} Bg4
{[%clk 00:58:33]} {[%emt 00:09:07]} 14. Rfd1 {[%clk 01:22:46]} {[%emt
00:01:58]} Qe7 {[%clk 00:55:27]} {[%emt 00:03:35]} 15. c4 {[%clk 01:19:34]}
{[%emt 00:03:42]} Ne6 {[%clk 00:43:50]} {[%emt 00:12:07]} 16. Bc3 {[%clk
01:18:35]} {[%emt 00:01:30]} Nc5 {[%clk 00:37:13]} {[%emt 00:07:07]} 17. Qe3
{[%clk 01:17:41]} {[%emt 00:01:23]} 1/2-1/2

[Event "XLIV Memoriał Szachowy Ludwika Zamenhofa 2025, Grupa B"]
[Site "Bialystok, Poland"]
[Date "2025.12.30"]
[Round "7.19"]
[White "Fuks, Milan"]
[Black "Czarnowicz, Michal"]
[Result "1/2-1/2"]
[TimeControl "90'+30\""]
[WhiteElo "1917"]
[BlackElo "1827"]

1. e4 {[%clk 01:30:39]} {[%emt 00:00:21]} c5 {[%clk 01:30:53]} {[%emt
00:00:08]} 2. Nc3 {[%clk 01:30:26]} {[%emt 00:00:42]} d6 {[%clk 01:31:13]}
{[%emt 00:00:09]} 3. Bc4 {[%clk 01:29:42]} {[%emt 00:01:14]} Nf6 {[%clk
01:31:35]} {[%emt 00:00:09]} 4. d3 {[%clk 01:30:08]} {[%emt 00:00:05]} e6
{[%clk 01:31:35]} {[%emt 00:00:30]} 5. Bf4 {[%clk 01:23:18]} {[%emt 00:07:20]}
d5 {[%clk 01:29:19]} {[%emt 00:02:46]} 6. exd5 {[%clk 01:20:27]} {[%emt
00:03:21]} exd5 {[%clk 01:29:42]} {[%emt 00:00:07]} 7. Bb5+ {[%clk 01:18:20]}
{[%emt 00:02:37]} Nc6 {[%clk 01:30:02]} {[%emt 00:00:09]} 8. Bxc6+ {[%clk
01:13:58]} {[%emt 00:04:52]} bxc6 {[%clk 01:30:30]} {[%emt 00:00:02]} 9. Nf3
{[%clk 01:13:10]} {[%emt 00:01:17]} Bd6 {[%clk 01:23:52]} {[%emt 00:07:08]} 10.
Qe2+ {[%clk 01:07:09]} {[%emt 00:06:31]} Be6 {[%clk 01:23:22]} {[%emt
00:01:00]} 11. Bxd6 {[%clk 01:03:31]} {[%emt 00:04:08]} Qxd6 {[%clk 01:23:25]}
{[%emt 00:00:28]} 12. Qe5 {[%clk 01:00:58]} {[%emt 00:03:02]} Qe7 {[%clk
01:17:10]} {[%emt 00:06:45]} 13. O-O {[%clk 00:59:06]} {[%emt 00:02:15]} O-O
{[%clk 01:17:31]} {[%emt 00:00:16]} 14. Rfe1 {[%clk 00:58:51]} {[%emt
00:00:45]} h6 {[%clk 01:10:50]} {[%emt 00:07:12]} 15. Nh4 {[%clk 00:51:35]}
{[%emt 00:07:47]} Qb7 {[%clk 01:04:09]} {[%emt 00:07:10]} 16. Ne2 {[%clk
00:39:30]} {[%emt 00:12:34]} Qb4 {[%clk 00:59:14]} {[%emt 00:05:26]} 17. Ng6
{[%clk 00:29:44]} {[%emt 00:10:16]} Rfe8 {[%clk 00:54:52]} {[%emt 00:04:52]} 18.
Nef4 {[%clk 00:29:44]} {[%emt 00:00:29]} fxg6 {[%clk 00:48:52]} {[%emt
00:06:30]} 19. Nxe6 {[%clk 00:29:13]} {[%emt 00:01:01]} Re7 {[%clk 00:48:52]}
{[%emt 00:00:31]} 20. Qd6 {[%clk 00:26:55]} {[%emt 00:02:46]} Rae8 {[%clk
00:49:05]} {[%emt 00:00:18]} 21. Re2 {[%clk 00:22:29]} {[%emt 00:04:56]} Qxb2
{[%clk 00:41:10]} {[%emt 00:08:25]} 22. Rae1 {[%clk 00:22:36]} {[%emt
00:00:23]} Qxa2 {[%clk 00:41:21]} {[%emt 00:00:19]} 23. Qxc6 {[%clk 00:19:26]}
{[%emt 00:03:40]} Qa5 {[%clk 00:41:36]} {[%emt 00:00:16]} 24. Kf1 {[%clk
00:18:19]} {[%emt 00:01:37]} Qb6 {[%clk 00:40:16]} {[%emt 00:01:51]} 25. Qxb6
{[%clk 00:15:45]} {[%emt 00:03:03]} axb6 {[%clk 00:40:44]} {[%emt 00:00:03]} 26.
f3 {[%clk 00:14:00]} {[%emt 00:02:13]} g5 {[%clk 00:40:02]} {[%emt 00:01:13]}
27. g3 {[%clk 00:12:45]} {[%emt 00:01:45]} Nd7 {[%clk 00:39:56]} {[%emt
00:00:37]} 28. Kf2 {[%clk 00:10:42]} {[%emt 00:02:33]} b5 {[%clk 00:38:53]}
{[%emt 00:01:34]} 29. Nc7 {[%clk 00:10:21]} {[%emt 00:00:50]} Rxe2+ {[%clk
00:38:44]} {[%emt 00:00:40]} 30. Rxe2 {[%clk 00:10:48]} {[%emt 00:00:03]} Rxe2+
{[%clk 00:38:55]} {[%emt 00:00:19]} 31. Kxe2 {[%clk 00:11:13]} {[%emt
00:00:05]} b4 {[%clk 00:39:08]} {[%emt 00:00:16]} 32. Nxd5 {[%clk 00:11:30]}
{[%emt 00:00:14]} Kf7 {[%clk 00:39:09]} {[%emt 00:00:29]} 33. Ke3 {[%clk
00:08:36]} {[%emt 00:03:22]} Ke6 {[%clk 00:34:08]} {[%emt 00:05:32]} 34. Nc7+
{[%clk 00:07:34]} {[%emt 00:01:33]} Ke5 {[%clk 00:34:27]} {[%emt 00:00:11]} 35.
f4+ {[%clk 00:06:21]} {[%emt 00:01:42]} gxf4+ {[%clk 00:34:55]} {[%emt
00:00:02]} 36. gxf4+ {[%clk 00:06:51]} {[%emt 00:00:01]} Kf5 {[%clk 00:32:46]}
{[%emt 00:02:39]} 37. Ne8 {[%clk 00:06:02]} {[%emt 00:01:18]} g5 {[%clk
00:32:58]} {[%emt 00:00:19]} 38. Nd6+ {[%clk 00:06:09]} {[%emt 00:00:23]} Ke6
{[%clk 00:32:04]} {[%emt 00:01:24]} 39. Ne4 {[%clk 00:06:25]} {[%emt 00:00:15]}
Kf5 {[%clk 00:29:57]} {[%emt 00:02:36]} 40. fxg5 {[%clk 00:05:40]} {[%emt
00:01:16]} hxg5 {[%clk 00:30:25]} {[%emt 00:00:02]} 41. h3 {[%clk 00:05:37]}
{[%emt 00:00:33]} Kg6 {[%clk 00:28:10]} {[%emt 00:02:45]} 42. Kf2 {[%clk
00:05:30]} {[%emt 00:00:32]} Kf5 {[%clk 00:24:12]} {[%emt 00:04:33]} 43. Ke3
{[%clk 00:05:14]} {[%emt 00:00:46]} Kg6 {[%clk 00:24:01]} {[%emt 00:00:41]} 44.
Nd6 {[%clk 00:03:57]} {[%emt 00:01:47]} Kf6 {[%clk 00:20:21]} {[%emt 00:04:09]}
45. Ke4 {[%clk 00:02:33]} {[%emt 00:01:56]} Ke6 {[%clk 00:20:37]} {[%emt
00:00:13]} 46. Ne8 {[%clk 00:02:04]} {[%emt 00:00:59]} Nb8 {[%clk 00:14:20]}
{[%emt 00:06:46]} 47. Ng7+ {[%clk 00:02:04]} {[%emt 00:00:31]} Kf6 {[%clk
00:13:33]} {[%emt 00:01:17]} 48. Nf5 {[%clk 00:02:08]} {[%emt 00:00:26]} Ke6
{[%clk 00:13:05]} {[%emt 00:00:59]} 49. Ng7+ {[%clk 00:02:37]} {[%emt
00:00:01]} Kf7 {[%clk 00:12:19]} {[%emt 00:01:16]} 50. Nh5 {[%clk 00:02:53]}
{[%emt 00:00:14]} Nc6 {[%clk 00:09:56]} {[%emt 00:02:53]} 51. Kd5 {[%clk
00:01:47]} {[%emt 00:01:36]} Nd4 {[%clk 00:10:17]} {[%emt 00:00:08]} 52. Kxc5
{[%clk 00:02:04]} {[%emt 00:00:13]} Nxc2 {[%clk 00:10:39]} {[%emt 00:00:07]} 53.
Kc4 {[%clk 00:02:22]} {[%emt 00:00:14]} b3 {[%clk 00:10:57]} {[%emt 00:00:11]}
54. Kc3 {[%clk 00:01:40]} {[%emt 00:01:13]} Nd4 {[%clk 00:09:12]} {[%emt
00:02:14]} 55. Ng3 {[%clk 00:02:00]} {[%emt 00:00:11]} Nf3 {[%clk 00:07:17]}
{[%emt 00:02:25]} 56. Ne4 {[%clk 00:02:09]} {[%emt 00:00:21]} Kg6 {[%clk
00:07:31]} {[%emt 00:00:16]} 57. Kxb3 {[%clk 00:02:08]} {[%emt 00:00:30]} Kf5
{[%clk 00:06:49]} {[%emt 00:01:13]} 58. Kc4 {[%clk 00:01:28]} {[%emt 00:01:11]}
g4 {[%clk 00:06:46]} {[%emt 00:00:32]} 59. hxg4+ {[%clk 00:01:45]} {[%emt
00:00:13]} Kxg4 {[%clk 00:07:07]} {[%emt 00:00:09]} 60. Kd5 {[%clk 00:01:15]}
{[%emt 00:01:00]} Kf4 {[%clk 00:07:20]} {[%emt 00:00:16]} 61. Nc5 {[%clk
00:00:38]} {[%emt 00:01:07]} Ke3 {[%clk 00:07:29]} {[%emt 00:00:21]} 62. Kd6
{[%clk 00:00:35]} {[%emt 00:00:34]} Kd4 {[%clk 00:07:46]} {[%emt 00:00:13]} 63.
Kc6 {[%clk 00:00:45]} {[%emt 00:00:20]} Ne5+ {[%clk 00:08:05]} {[%emt
00:00:11]} 64. Kb5 {[%clk 00:01:09]} {[%emt 00:00:06]} Nxd3 {[%clk 00:08:28]}
{[%emt 00:00:07]} 65. Nxd3 {[%clk 00:01:36]} {[%emt 00:00:03]} 1/2-1/2

[Event "XLIV Memoriał Szachowy Ludwika Zamenhofa 2025, Grupa B"]
[Site "Bialystok, Poland"]
[Date "2025.12.30"]
[Round "7.20"]
[White "Ciszewski, Krzysztof"]
[Black "Krynicki, Filip"]
[Result "1-0"]
[TimeControl "90'+30\""]
[WhiteElo "2091"]
[BlackElo "1827"]

1. d4 {[%clk 01:19:33]} {[%emt 00:11:19]} Nf6 {[%clk 01:30:57]} {[%emt
00:00:10]} 2. c4 {[%clk 01:19:39]} {[%emt 00:00:25]} e6 {[%clk 01:31:21]}
{[%emt 00:00:05]} 3. Nc3 {[%clk 01:20:04]} {[%emt 00:00:05]} Bb4 {[%clk
01:31:46]} {[%emt 00:00:05]} 4. a3 {[%clk 01:20:30]} {[%emt 00:00:05]} Bxc3+
{[%clk 01:32:08]} {[%emt 00:00:07]} 5. bxc3 {[%clk 01:20:55]} {[%emt 00:00:05]}
c5 {[%clk 01:31:46]} {[%emt 00:00:52]} 6. e3 {[%clk 01:20:58]} {[%emt
00:00:27]} O-O {[%clk 01:31:59]} {[%emt 00:00:14]} 7. Bd3 {[%clk 01:21:10]}
{[%emt 00:00:21]} b6 {[%clk 01:32:10]} {[%emt 00:00:19]} 8. e4 {[%clk
01:20:26]} {[%emt 00:01:15]} d6 {[%clk 01:31:18]} {[%emt 00:01:22]} 9. Bg5
{[%clk 01:11:44]} {[%emt 00:09:12]} e5 {[%clk 01:29:50]} {[%emt 00:01:59]} 10.
d5 {[%clk 01:12:01]} {[%emt 00:00:13]} Re8 {[%clk 01:28:22]} {[%emt 00:01:58]}
11. Ne2 {[%clk 01:11:52]} {[%emt 00:00:38]} Nbd7 {[%clk 01:28:23]} {[%emt
00:00:29]} 12. O-O {[%clk 01:11:49]} {[%emt 00:00:34]} Nf8 {[%clk 01:27:55]}
{[%emt 00:00:58]} 13. f4 {[%clk 01:09:21]} {[%emt 00:02:58]} exf4 {[%clk
01:21:08]} {[%emt 00:07:17]} 14. Nxf4 {[%clk 01:02:58]} {[%emt 00:06:53]} h6
{[%clk 01:19:46]} {[%emt 00:01:51]} 15. Bh4 {[%clk 01:02:38]} {[%emt 00:00:51]}
Re5 {[%clk 01:04:46]} {[%emt 00:15:30]} 16. Nh5 {[%clk 01:01:39]} {[%emt
00:01:29]} N8h7 {[%clk 01:03:54]} {[%emt 00:01:21]} 17. Nxf6+ {[%clk 00:59:32]}
{[%emt 00:02:37]} gxf6 {[%clk 01:03:47]} {[%emt 00:00:37]} 18. Bg3 {[%clk
00:52:41]} {[%emt 00:07:22]} Rg5 {[%clk 01:01:03]} {[%emt 00:03:13]} 19. Bf4
{[%clk 00:51:39]} {[%emt 00:01:32]} Rg6 {[%clk 01:01:23]} {[%emt 00:00:10]} 20.
e5 {[%clk 00:51:52]} {[%emt 00:00:17]} dxe5 {[%clk 01:01:25]} {[%emt 00:00:29]}
21. Bxg6 {[%clk 00:52:12]} {[%emt 00:00:10]} fxg6 {[%clk 01:01:51]} {[%emt
00:00:04]} 22. Bxh6 {[%clk 00:52:31]} {[%emt 00:00:11]} Bd7 {[%clk 00:58:31]}
{[%emt 00:03:50]} 23. Bd2 {[%clk 00:49:14]} {[%emt 00:03:47]} f5 {[%clk
00:54:40]} {[%emt 00:04:21]} 24. Qf3 {[%clk 00:49:25]} {[%emt 00:00:19]} Qf6
{[%clk 00:53:45]} {[%emt 00:01:24]} 25. a4 {[%clk 00:48:35]} {[%emt 00:01:20]}
f4 {[%clk 00:52:53]} {[%emt 00:01:22]} 26. a5 {[%clk 00:47:53]} {[%emt
00:01:14]} b5 {[%clk 00:45:17]} {[%emt 00:08:05]} 27. a6 {[%clk 00:44:00]}
{[%emt 00:04:22]} Ng5 {[%clk 00:44:06]} {[%emt 00:01:41]} 28. Qe2 {[%clk
00:42:55]} {[%emt 00:01:36]} bxc4 {[%clk 00:43:17]} {[%emt 00:01:19]} 29. Qxc4
{[%clk 00:42:36]} {[%emt 00:00:48]} Qd6 {[%clk 00:39:26]} {[%emt 00:04:22]} 30.
Rab1 {[%clk 00:41:32]} {[%emt 00:01:34]} Bf5 {[%emt 00:04:03]} 31. Rb5 {[%clk
00:38:57]} Ne4 {[%clk 00:38:41]} {[%emt 00:00:47]} 32. Bc1 {[%clk 00:38:18]}
{[%emt 00:01:09]} Rd8 {[%clk 00:37:28]} {[%emt 00:01:43]} 33. Rb7 {[%clk
00:36:39]} {[%emt 00:02:08]} Ra8 {[%clk 00:37:58]} {[%emt 00:00:01]} 34. Re1
{[%clk 00:35:29]} {[%emt 00:01:40]} Nf6 {[%clk 00:37:17]} {[%emt 00:01:11]} 35.
Ba3 {[%clk 00:34:18]} {[%emt 00:01:41]} Nd7 {[%clk 00:37:07]} {[%emt 00:00:40]}
36. Rxd7 {[%clk 00:33:56]} {[%emt 00:00:53]} Bxd7 {[%clk 00:34:16]} {[%emt
00:03:20]} 37. Bxc5 {[%clk 00:33:43]} {[%emt 00:00:43]} Qf6 {[%clk 00:34:27]}
{[%emt 00:00:18]} 38. d6+ {[%clk 00:33:06]} {[%emt 00:01:09]} Kh7 {[%clk
00:29:14]} {[%emt 00:05:43]} 39. Qd5 {[%clk 00:32:16]} {[%emt 00:01:19]} Re8
{[%clk 00:29:39]} {[%emt 00:00:06]} 40. Bxa7 {[%clk 00:31:22]} {[%emt
00:01:24]} f3 {[%clk 00:29:40]} {[%emt 00:00:28]} 41. Bf2 {[%clk 00:27:14]}
{[%emt 00:04:38]} e4 {[%clk 00:28:04]} {[%emt 00:02:07]} 42. a7 {[%clk
00:25:51]} {[%emt 00:01:52]} Bc6 {[%clk 00:25:53]} {[%emt 00:02:42]} 43. Qxc6
{[%clk 00:26:02]} {[%emt 00:00:18]} Qg5 {[%clk 00:26:22]} {[%emt 00:00:01]} 44.
Qd7+ {[%clk 00:25:30]} {[%emt 00:01:01]} Kh6 {[%clk 00:26:43]} {[%emt
00:00:09]} 45. Be3 {[%clk 00:25:50]} {[%emt 00:00:09]} 1-0